| 000 | 00472nam a22001937a 4500 | ||
|---|---|---|---|
| 003 | MPLRDC | ||
| 005 | 20220104151904.0 | ||
| 008 | 210129b ||||| |||| 00| 0 eng d | ||
| 020 | _a957-708-192-3 | ||
| 082 | _a177.1 JCC | ||
| 100 | _a江川纯 | ||
| 245 |
_a有智慧的说话技巧 _c龚素秋译 |
||
| 250 | _a初版 | ||
| 260 |
_a _b暖流出版社 _c1997 |
||
| 300 | _b平 | ||
| 490 | _a说话高手. 3 | ||
| 650 | _a沟通心理学 | ||
| 942 |
_cBK _o177.1 JCC |
||
| 999 |
_c52604 _d52594 |
||